[Event "ICS rated blitz match"]
[Site "207.99.83.227"]
[Date "1999.04.26"]
[Round "?"]
[White "Hossa"]
[Black "cstalx"]
[Result "1-0"]
[WhiteElo "2416"]
[BlackElo "2598"]
[Annotator "Fritz 5.32 (15s)"]
[PlyCount "93"]

1. Nf3 c5 2. e4 d6 3. d4 Nf6 4. Nc3 cxd4 5. Bb5+ (5. Qxd4 Bd7 (5... a6 6. Be3
Nc6 7. Qb6 Qxb6 8. Bxb6 g6 9. Bc4 Bh6 10. h3 O-O 11. a3 Nd7 12. Na4 Nde5 13.
Nxe5 Nxe5 14. Bb3 Be6 15. Bxe6 fxe6 16. b3 Rac8 17. Ra2 17... Rc6 {
0-1 Helin,T-Gashimov,S/EuYouth U14 Boys, Tallinn EST 1997 (17)}) 6. Bg5 h6 7.
Bxf6 gxf6 8. Nh4 Nc6 9. Qd2 e6 10. g3 Qb6 11. O-O-O O-O-O 12. f4 Kb8 13. Be2
Be7 14. Rhf1 a6 15. Kb1 Rc8 16. Na4 Qc7 17. b3 Nb4 18. Rc1 Bxa4 19. Qxb4 Bc6
20. Qd4 d5 21. exd5 Bxd5 22. c4 Bc5 23. Qd3 Bc6 24. Bf3 Rcd8 25. Qe2 Bd7 26.
Rfd1 Bc8 27. Rxd8 Rxd8 28. Rd1 Re8 29. Qd3 f5 30. Bg2 f6 31. Bf3 e5 32. Bh5 Re7
33. Qc2 Rd7 34. Ng2 Qc6 35. Rxd7 Bxd7 36. Qe2 Bd4 37. Bf3 Qc5 38. Qd2 e4 39.
Be2 Bc6 40. b4 Qb6 41. Qe1 e3 42. Nh4 Be4+ 43. Kc1 Bc5 44. a3 a5 45. Bf3 axb4
46. Bxe4 bxa3 47. Qe2 fxe4 48. Ng2 48... Qb3 {
0-1 Vasiukov,E-Kasimdzhanov,R/Russia Cup II, Moscow RUS 1996 (48)}) 5... Bd7 6.
Nxd4 6... Bxb5 $146 (6... Qb6 7. Be2 e5 8. Nb3 Be7 9. O-O O-O 10. Be3 Qc7 11.
f4 Bc6 12. Bd3 Nbd7 13. Qf3 Nc5 14. fxe5 Nxd3 15. exf6 Ne5 16. Qg3 g6 17. Qh4 {
1-0 William D McLane-Ahmad Fariz B G Shaari/92786, IECG 2 game m 1996 (17)}) 7.
Ndxb5 a6 8. Nd4 g6 9. Bg5 Bg7 10. Qd2 Nc6 11. Nxc6 bxc6 12. O-O O-O 13. Bh6
Bxh6 14. Qxh6 Qb6 15. Rab1 Qd4 16. Qf4 Rab8 17. Rfd1 Qc5 18. Rd3 Rb7 19. Rh3
Rd8 20. Qh6 Rdb8 21. b3 Qa3 22. Kh1 Qb4 23. Rd1 Qc5 (23... Nxe4 $4 {
den sollte Schwarz lieber stehen lassen} 24. Qxh7+ Kf8 25. Qh8#) 24. f4 Nh5 25.
Rd2 Qa3 26. e5 {Raumgewinn} 26... Qb4 (26... dxe5 27. Rhd3 Ng7 28. fxe5 Qc1+
29. Nd1 $16) 27. Rd1 27... d5 $16 (27... f5 $5 $14 $142 {
ist die kritische Fortsetzung}) 28. a3 $1 {zementiert den Vorteil} 28... Qxa3
29. g4 Qb2 30. gxh5 {Droht Matt} 30... e6 31. f5 {Mit der Mattdrohung f6} 31...
exf5 32. e6 (32. Rg1 {waere im Gewinnsinne praeziser} 32... Qa3 (32... Qxc2 $4
{Schwarz schlaegt einen vergifteten Bauern} 33. hxg6 fxg6 34. Rxg6+ Kh8 35. Rf6
$18) 33. hxg6 fxg6 34. Rxg6+ Kh8 (34... hxg6 $4 35. Qh8+ Kf7 36. Rh7+ Ke6 37.
Qf6#) 35. Rxc6 35... Rg7 $18) 32... Qxc2 (32... Kh8 33. Qf4 Rf8 34. exf7 Rbxf7
35. hxg6 Qxc3 36. Rxc3 $18) 33. exf7+ Rxf7 (33... Kxf7 34. Qxh7+ Kf8 35. Qh8+
Kf7 36. hxg6+ Ke6 37. Re3+ Kd6 38. Qf6+ 38... Kc5 $18) 34. hxg6 {Droht Matt}
34... Rg7 35. gxh7+ 35... Kf7 {Droht Matt: Qg2} 36. Rg1 $1 {das wars} 36...
Rxg1+ 37. Kxg1 {Droht entscheidend Rg3} 37... Qxb3 38. Qxc6 {Es droht Matt}
38... Qb1+ 39. Nxb1 Rxb1+ 40. Kf2 {Droht Matt} 40... Rb2+ 41. Ke1 Rb1+ 42. Kd2
Rb2+ 43. Kc1 Rb8 (43... Rc2+ {aendert den traurigen Lauf der Dinge nicht} 44.
Kxc2 d4 45. Qd7+ Kf6 46. h8=Q+ Kg5 47. Rg3+ Kf4 48. Qhxd4#) 44. Rh6 Rc8 (44...
Rb1+ {waere gleichermassen fruchtlos} 45. Kxb1 Kf8 46. h8=Q+ Kf7 47. Qcf6#) 45.
Qxc8 Kg7 (45... f4 {hilft allerdings auch nicht} 46. Qe6+ Kg7 47. h8=Q#) 46.
Qg8+ Kxh6 47. h8=Q# 1-0

[Event "ICS rated blitz match"]
[Site "207.99.83.227"]
[Date "1999.04.26"]
[Round "?"]
[White "rajah"]
[Black "Hossa"]
[Result "1-0"]
[WhiteElo "2507"]
[BlackElo "2440"]
[Annotator "Crafty v16.6"]
[PlyCount "85"]

{annotating for player Hossa using a scoring margin of +0.10 pawns. search
time limit is 10.00} 1. Nf3 1... Nf6 2. d4 d5 3. c4 dxc4 4. e3 b5 5. a4 c6 6.
axb5 cxb5 7. b3 Be6 8. bxc4 bxc4 9. Ne5 Nbd7 10. Qa4 Rc8 ({7:-0.10} 10... Rc8
11. Bxc4 Bxc4 12. Nxc4 Nd5 13. Nbd2 N5b6 14. Qb5 $10) ({7:+0.23} 10... Qc7 11.
Nc3 a6 12. Be2 Nd5 13. Nxd5 Bxd5 14. Bxc4 Bxc4 15. Nxc4 $10) 11. Bxc4 Bxc4 12.
Nxc4 Nd5 ({8:-0.60} 12... Nd5 13. O-O N5b6 14. Nxb6 axb6 15. Qb5 e6 16. Nd2
16... Rc2 $14) ({8:-0.36} 12... e6 13. Bd2 Qc7 14. Ne5 Bd6 15. O-O O-O 16. Nxd7
Nxd7 17. Qxa7 17... Bxh2+ $14) 13. Nbd2 N5b6 14. Nxb6 axb6 15. O-O e6 16. Bb2
Bd6 17. Qb5 Bb8 18. Ba3 Qh4 19. Nf3 Qd8 20. Rfc1 f6 21. Qb3 Kf7 22. d5 Rxc1+
23. Rxc1 Qe8 24. d6 Rg8 25. Nd4 Rh8 26. Qb5 e5 27. Qc4+ Kg6 28. Nc6 Kg5 29. f3
Qh5 30. Qe6 Nc5 31. Bxc5 bxc5 32. Nxe5 Rf8 33. Rxc5 f5 34. Qe7+ Kh6 35. Ng4+
fxg4 36. Rxh5+ Kxh5 37. fxg4+ Kxg4 38. h3+ Kh5 39. g4+ Kg6 40. Qxf8 Kg5 41.
Qxg7+ Kh4 42. Kg2 Bxd6 43. Qf6# 1-0

[Event "ICS Rated blitz match"]
[Site "207.99.83.227"]
[Date "1999.04.26"]
[Round "?"]
[White "Hossa"]
[Black "Tim"]
[Result "0-1"]
[WhiteElo "2427"]
[BlackElo "2460"]
[Annotator "Crafty v16.6"]
[PlyCount "48"]

{annotating for player Hossa using a scoring margin of +0.10 pawns. search
time limit is 10.00} 1. Nf3 1... Nc6 2. d4 d5 3. e3 Bg4 4. Nbd2 e5 5. dxe5 f6
6. exf6 Nxf6 7. c4 d4 8. Qb3 dxe3 9. fxe3 Bc5 10. Be2 ({7:+0.61} 10. Be2 10...
Qc8 11. e4 Rf8 12. e5 Nh5 13. Qb5 $14) ({7:+0.74} 10. Qb5 10... Qd6 11. Qxb7
Rb8 12. Qa6 Bxe3 13. b3 $16) 10... O-O 11. O-O ({7:-0.59} 11. O-O 11... Qe7 12.
Nb1 Rab8 13. Na3 Qe4 14. Qd3 $15) ({7:-0.08} 11. h3 11... Bc8 12. Nf1 Ne4 13.
Qd3 Qxd3 14. Bxd3 Bb4+ 15. N1d2 $10) 11... Qe8 12. Nb1 Rd8 13. Na3 Kh8 14. Nb5
Qh5 15. Nxc7 Bd6 16. h3 Bxh3 17. Qxb7 Bxg2 18. Kxg2 Ne4 19. Qxc6 Qg4+ 20. Kh1
Qh3+ 21. Kg1 Rxf3 22. Qxd6 Rxd6 23. Bxf3 Rg6+ 24. Bg4 Rxg4# 0-1

[Event "ICS Rated blitz match"]
[Site "207.99.83.227"]
[Date "1999.04.26"]
[Round "?"]
[White "MrGambit456"]
[Black "Hossa"]
[Result "0-1"]
[WhiteElo "2257"]
[BlackElo "2413"]
[PlyCount "110"]

1. e4 e6 2. d4 d5 3. Nc3 Nf6 4. e5 Nfd7 5. Nce2 Be7 6. Ng3 O-O 7. Qg4 f5 8.
exf6 Nxf6 9. Qd1 c5 10. Nf3 cxd4 11. Nxd4 e5 12. Ndf5 Bb4+ 13. c3 Bc5 14. Bd3
Bd7 15. O-O Nc6 16. Bg5 Qc7 17. b4 Bb6 18. b5 Bxf5 19. Nxf5 Na5 20. Bc2 Rad8
21. Qd2 Nc4 22. Qd3 Qd7 23. Bxf6 Rxf6 24. Ng3 g6 25. a4 Qf7 26. Qe2 Rf8 27. Nh1
e4 28. Rac1 e3 29. f3 Qc7 30. Bb3 Rd6 31. Rfe1 Nd2 32. Ba2 Rf4 33. a5 Bxa5 34.
Qd3 Qc5 35. Ng3 Rf7 36. Re2 Qa3 37. Rc2 Bb6 38. Nf1 Nxf1 39. Kxf1 Kh8 40. Qd1
Rf5 41. Kg1 Qa4 42. Qd3 Qf4 43. Bb3 Rh5 44. h3 Qg3 45. Kh1 Rf5 46. Ra2 d4 47.
cxd4 Bxd4 48. Rac2 Rf8 49. Rxe3 Be5 50. f4 Qxf4 51. g3 Rxd3 52. gxf4 Rxe3 53.
fxe5 Rxh3+ 54. Kg2 Rxb3 55. Rc5 55... b6 {MrGambit456 resigns} 0-1

[Event "ICS rated blitz match"]
[Site "207.99.83.227"]
[Date "1999.04.26"]
[Round "?"]
[White "Hossa"]
[Black "supernerd"]
[Result "1-0"]
[WhiteElo "2422"]
[BlackElo "2211"]
[PlyCount "57"]

1. d4 Nf6 2. Nf3 g6 3. Nc3 d5 4. Bf4 Bg7 5. Qd2 O-O 6. O-O-O Nbd7 7. Ne5 e6 8.
Bh6 c5 9. Bxg7 Kxg7 10. Nxd7 Nxd7 11. dxc5 Qf6 12. e4 Nxc5 13. exd5 Rd8 14. Qe3
b6 15. d6 Bb7 16. f4 a6 17. Qe5 Rac8 18. h4 h5 19. Kb1 b5 20. Rg1 b4 21. Ne2
Be4 22. Nd4 a5 23. Be2 a4 24. Bc4 Nd7 25. Qxe4 Rxc4 26. Nf5+ exf5 27. Qxc4 Rb8
28. Qd4 b3 29. Qxf6+ {supernerd resigns} 1-0

[Event "ICS rated blitz match"]
[Site "207.99.83.227"]
[Date "1999.04.26"]
[Round "?"]
[White "damokles"]
[Black "Hossa"]
[Result "0-1"]
[WhiteElo "2271"]
[BlackElo "2442"]
[PlyCount "170"]

1. d4 d5 2. Nf3 e6 3. e3 Nf6 4. Bd3 Bd6 5. O-O O-O 6. c3 Nc6 7. Nbd2 e5 8. Nxe5
Nxe5 9. dxe5 Bxe5 10. Nf3 Bd6 11. Qc2 c5 12. b3 Bg4 13. Ne1 Qc7 14. h3 Bh5 15.
Bb2 Rae8 16. Be2 Bg6 17. Bd3 Ne4 18. Nf3 c4 19. Bxe4 Bxe4 20. Qd1 Bd3 21. Re1
Qe7 22. Qd2 Be4 23. Nh2 Qg5 24. f4 Qg6 25. Qf2 Bc5 26. Nf1 Be7 27. Qg3 Qxg3 28.
Nxg3 Bc2 29. bxc4 dxc4 30. Rac1 Bd3 31. Nf1 Bc5 32. Kf2 Bxf1 33. Kxf1 Bxe3 34.
Ba3 Bxc1 35. Rxc1 Re4 36. Bxf8 Rxf4+ 37. Ke2 Kxf8 38. Rb1 Re4+ 39. Kd2 b6 40.
a4 Ke7 41. a5 bxa5 42. Rb7+ Ke6 43. Rxa7 Re5 44. Rc7 Rg5 45. Rxc4 Rxg2+ 46. Kc1
Rh2 47. Rc6+ Kd7 48. Ra6 Rxh3 49. Kb2 Rh2+ 50. Kb3 Rh5 51. c4 Rc5 52. Ra7+ Ke6
53. Ra6+ Ke5 54. Rb6 h5 55. Rb7 Ke6 56. Rb6+ Kf5 57. Rb7 Kf6 58. Rb6+ Kg5 59.
Rb5 Rxb5+ 60. cxb5 h4 61. b6 h3 62. b7 h2 63. b8=Q h1=Q 64. Qd8+ Kg6 65. Qd6+
Kh7 66. Qd3+ g6 67. Qc3 Qb1+ 68. Kc4 Qe4+ 69. Kb3 Qb4+ 70. Qxb4 axb4 71. Kxb4
Kh6 72. Kc4 Kg5 73. Kd3 Kf4 74. Ke2 g5 75. Kf1 Kf3 76. Kg1 g4 77. Kf1 g3 78.
Ke1 g2 79. Kd2 Ke4 80. Kc3 g1=Q 81. Kb4 Kd4 82. Kb5 Qg6 83. Kb4 Qb6+ 84. Ka3
Kc3 85. Ka2 85... Qb2# {damokles checkmated} 0-1

[Event "ICS rated blitz match"]
[Site "207.99.83.227"]
[Date "1999.04.26"]
[Round "?"]
[White "Hossa"]
[Black "champion-10"]
[Result "0-1"]
[WhiteElo "2451"]
[BlackElo "2074"]
[Annotator "Crafty v16.6"]
[PlyCount "133"]

{annotating for player ossa using a scoring margin of +0.10 pawns. search time
limit is 10.00} 1. d4 1... d5 2. e3 Bf5 3. Bb5+ ({8:-0.27} 3. Bb5+ 3... c6 4.
Bd3 Bxd3 5. cxd3 e6 6. Nf3 Nd7 7. Nc3 7... Ngf6 $10) ({8:+0.12} 3. Bd3 3...
Bxd3 4. Qxd3 Nc6 5. Nf3 Qd6 6. O-O O-O-O 7. Nbd2 $10) 3... c6 4. Be2 e6 5. Nf3
Nf6 6. Nh4 Be4 7. O-O ({8:-0.25} 7. O-O 7... Ng4 8. g3 g5 9. Ng2 f5 10. Bxg4
fxg4 11. Qxg4 $10) ({8:+0.03} 7. f3 7... Bg6 8. Nxg6 hxg6 9. Nc3 Bd6 10. f4
Nbd7 11. Bd2 $10) 7... h6 8. Nd2 Bh7 9. c4 Bd6 10. Qb3 Qc7 11. Nhf3 O-O 12. a3
({8:-0.13} 12. a3 12... Ng4 13. h3 Nf6 14. Qd1 Nbd7 15. cxd5 cxd5 16. Nb3 $10)
({8:-0.02} 12. Bd3 12... Bxd3 13. Qxd3 Ng4 14. h3 Nh2 15. Nxh2 Bxh2+ 16. Kh1
Bd6 17. Kg1 $10) 12... Nbd7 13. Qd1 Ne4 14. c5 Be7 15. Nxe4 dxe4 16. Nd2 Nf6
17. f3 Rad8 18. Nxe4 Nxe4 19. fxe4 Bxe4 20. Bf3 Bxf3 21. Qxf3 e5 22. Qg3 Rd7
23. e4 Kh7 24. Be3 exd4 25. Qxc7 Rxc7 26. Bxd4 Rd7 27. Be3 Kg6 28. Rad1 Rfd8
29. Rxd7 Rxd7 30. Kf2 Bf6 31. b4 Be5 32. h4 Kf6 33. a4 Ke6 34. a5 a6 35. g4 Rd3
36. g5 hxg5 37. hxg5 Bd4 38. Re1 Rxe3 39. Rxe3 f6 40. gxf6 Kxf6 41. Kf3 Bxe3
42. Kxe3 Ke5 43. Kf3 g5 44. Ke3 g4 45. Kd3 Kf4 46. e5 Kxe5 47. Ke3 Kf5 48. Ke2
Kf4 49. Kf2 Ke4 50. Kg3 Kd4 51. Kxg4 Kc4 52. Kf4 Kxb4 53. Ke4 Kxc5 54. Ke3 Kb5
55. Kd3 Kxa5 56. Kc3 b5 57. Kc2 c5 58. Kb2 c4 59. Kc3 Ka4 60. Kd4 Kb3 61. Ke3
c3 62. Kd3 c2 63. Kd4 c1=Q 64. Kd5 Qe3 65. Kc6 Kc4 66. Kd7 Kc5 67. Kc7 0-1

[Event "ICS rated blitz match"]
[Site "207.99.83.227"]
[Date "1999.04.26"]
[Round "?"]
[White "tsigan"]
[Black "Hossa"]
[Result "0-1"]
[WhiteElo "2053"]
[BlackElo "2422"]
[PlyCount "62"]

1. b3 e5 2. Bb2 Nc6 3. e3 Nf6 4. Bb5 e4 5. Ne2 a6 6. Bxc6 dxc6 7. d3 exd3 8.
cxd3 Bf5 9. e4 Bg4 10. O-O Bc5 11. h3 Bxe2 12. Qxe2 Bd4 13. Nc3 O-O 14. Rac1
Qd6 15. Rfd1 Rad8 16. Kh1 Rfe8 17. g3 Qe6 18. Kg2 Nd7 19. f4 Nf6 20. e5 Qf5 21.
Qc2 Nh5 22. Ne4 Re7 23. Bxd4 Rxd4 24. Qf2 Rd8 25. Rc4 Qg6 26. Kf3 f6 27. g4
fxe5 28. gxh5 Qxh5+ 29. Kg2 Qxd1 30. fxe5 Rxe5 31. Qe2 31... Qxe2+ {
tsigan resigns} 0-1

[Event "ICS rated blitz match"]
[Site "207.99.83.227"]
[Date "1999.04.26"]
[Round "?"]
[White "UBet"]
[Black "Hossa"]
[Result "0-1"]
[WhiteElo "2272"]
[BlackElo "2425"]
[PlyCount "78"]

1. e4 e6 2. d4 d5 3. e5 c5 4. c3 Nc6 5. Nf3 cxd4 6. cxd4 Bb4+ 7. Nc3 Nge7 8.
Bd3 Bd7 9. O-O Rc8 10. Bd2 a5 11. a3 Bxc3 12. Bxc3 Ng6 13. g3 O-O 14. Rc1 f6
15. Bxg6 hxg6 16. Qd3 g5 17. Rce1 g4 18. Nd2 fxe5 19. dxe5 Rf5 20. f4 gxf3 21.
Nxf3 Rh5 22. Qg6 Rh6 23. Qg4 Qe8 24. Nd4 Nxd4 25. Bxd4 Rg6 26. Qf3 Bb5 27. Rf2
Rh6 28. Bc3 a4 29. Bb4 Qg6 30. Qe3 Rh3 31. Qb6 Bc6 32. Qc5 Qh5 33. Rf8+ Rxf8
34. Qxf8+ Kh7 35. Qf2 Kg6 36. Bc3 Qg4 37. Rf1 d4 38. Bxd4 Qe4 39. Qf7+ 39...
Kh7 {UBet resigns} 0-1

[Event "ICS rated blitz match"]
[Site "207.99.83.227"]
[Date "1999.04.26"]
[Round "?"]
[White "Hossa"]
[Black "UBet"]
[Result "0-1"]
[WhiteElo "2451"]
[BlackElo "2246"]
[Annotator "Crafty v16.6"]
[PlyCount "134"]

{annotating for player ossa using a scoring margin of +0.10 pawns. search time
limit is 10.00} 1. Nf3 1... d5 2. g3 c5 3. Bg2 Nc6 4. Nc3 e5 5. d3 f6 6. e4 ({
8:+0.12} 6. e4 6... d4 7. Ne2 f5 8. exf5 Bxf5 9. Nh4 Bg4 10. Bd2 $10) ({8:+0.29
} 6. O-O 6... Bg4 7. e4 dxe4 8. dxe4 Qxd1 9. Nxd1 O-O-O 10. Ne3 Nh6 11. Nxg4
11... Nxg4 $10) 6... d4 7. Nd5 ({9:-0.18} 7. Nd5 7... Nge7 8. c4 dxc3 9. Nxc3
Nb4 10. O-O Nxd3 11. Qa4+ Qd7 12. Qxd7+ Bxd7 13. Rd1 $10) ({9:+0.04} 7. Ne2
7... Bd6 8. O-O Nge7 9. c3 O-O 10. cxd4 cxd4 11. Qb3+ Rf7 12. Qc4 $10) 7...
Nge7 8. Nd2 ({8:-0.61} 8. Nd2 8... Nxd5 9. exd5 Nb4 10. O-O Nxd5 11. b3 Bf5 12.
Qh5+ 12... g6 $15) ({8:-0.17} 8. c4 8... dxc3 9. Nxc3 Nb4 10. O-O Nxd3 11. Nb5
Kf7 12. Be3 $10) 8... Be6 9. Nxe7 Bxe7 10. O-O ({8:-0.70} 10. O-O 10... O-O 11.
a3 Qd7 12. Qh5 Bg4 13. Qh4 13... Rad8 $15) ({8:-0.51} 10. Qh5+ 10... g6 11. Qe2
Qd7 12. O-O Bh3 13. c3 Bxg2 14. Kxg2 14... O-O $15) 10... O-O 11. Nc4 Bd6 12.
Nxd6 Qxd6 13. a3 g6 14. Bh6 Rf7 15. Kh1 f5 16. f3 f4 17. gxf4 exf4 18. Qd2 Qe5
19. Rg1 Kh8 20. Rae1 a5 21. c4 b6 22. Re2 Ne7 23. Bf1 Ng8 24. Bg5 h6 25. Bxh6
Nxh6 26. Rxg6 Rf6 27. Rxf6 Qxf6 28. Re1 Qe5 29. Bg2 Nf7 30. Rg1 Rg8 31. b4 axb4
32. axb4 Qg5 33. bxc5 bxc5 34. Qe1 Ne5 35. Qf1 Kh7 36. Qd1 Kh6 37. Qb1 Kh7 38.
Qd1 Rg7 39. Qf1 Nc6 40. Qa1 Nb4 41. Qd1 Bd7 42. Qf1 Nc2 43. Qf2 Ne3 44. Bf1
Qxg1+ 45. Qxg1 Rxg1+ 46. Kxg1 Nxf1 47. Kxf1 Ba4 48. Ke2 Kh6 49. h3 Kh5 50. e5
Kg5 51. e6 Kf6 52. e7 Kxe7 53. Ke1 Kf6 54. h4 Kg6 55. Kd2 Kh5 56. Ke2 Kxh4 57.
Kd2 Kg3 58. Kc1 Kxf3 59. Kd2 Kf2 60. Kc1 f3 61. Kb2 Ke2 62. Ka3 Bc6 63. Kb2 Kd2
64. Kb3 f2 65. Kb2 f1=Q 66. Ka2 Kc3 67. Ka3 Qa1# 0-1

[Event "ICS rated blitz match"]
[Site "207.99.83.227"]
[Date "1999.04.26"]
[Round "?"]
[White "Hossa"]
[Black "distracted"]
[Result "1-0"]
[WhiteElo "2427"]
[BlackElo "2046"]
[PlyCount "77"]

1. Nf3 c5 2. e4 d6 3. d4 cxd4 4. Nxd4 Nf6 5. Nc3 g6 6. Bg5 Bg7 7. Bc4 O-O 8.
Qd2 Nc6 9. Nxc6 bxc6 10. Bh6 Bxh6 11. Qxh6 Rb8 12. Bb3 Qa5 13. O-O Qe5 14. Rad1
Ba6 15. Rfe1 Rfd8 16. a4 Rb4 17. Qh4 d5 18. f4 Qb8 19. exd5 Rxf4 20. Qg3 cxd5
21. Rxe7 Bc4 22. Bxc4 Rxc4 23. Qf2 Rf4 24. Qxa7 Qxb2 25. Qc7 Rf8 26. Qxf4 Qxc3
27. Rc7 Qa5 28. Rf1 Ne4 29. Rxf7 Qc5+ 30. Kh1 Rxf7 31. Qxf7+ Kh8 32. c4 dxc4
33. Qe8+ Kg7 34. Rf7+ Kh6 35. Qxe4 c3 36. Qf4+ g5 37. Qf6+ Kh5 38. Rxh7+ Kg4
39. Qf3# {distracted checkmated} 1-0

[Event "ICS rated blitz match"]
[Site "207.99.83.227"]
[Date "1999.04.26"]
[Round "?"]
[White "UBet"]
[Black "Hossa"]
[Result "0-1"]
[WhiteElo "2270"]
[BlackElo "2430"]
[PlyCount "114"]

1. e4 e5 2. Nf3 Nc6 3. Bb5 a6 4. Ba4 Bc5 5. O-O Nge7 6. c3 O-O 7. d4 Bd6 8. d5
Na7 9. Bc2 f5 10. Nfd2 b5 11. f3 Bc5+ 12. Kh1 Bb7 13. Nb3 Bb6 14. Bg5 fxe4 15.
fxe4 d6 16. N1d2 h6 17. Bh4 Rxf1+ 18. Qxf1 Qd7 19. Bxe7 Qxe7 20. Qe2 Rf8 21.
Rf1 Rxf1+ 22. Qxf1 Qg5 23. Nf3 Qf4 24. g3 Qf6 25. Nbd2 Nc8 26. a4 bxa4 27. Bxa4
Ne7 28. c4 Qf7 29. Bd7 Kh8 30. Be6 Qf6 31. Nh4 Qxf1+ 32. Nxf1 Bd4 33. b3 a5 34.
Nf3 Ng6 35. Kg2 Nf8 36. Bf5 g6 37. Bg4 Kg7 38. N1d2 Be3 39. Nf1 Bc5 40. N1d2 h5
41. Bh3 Bb4 42. Nb1 Kf6 43. Kf1 c6 44. Ke2 g5 45. Nfd2 g4 46. Bg2 cxd5 47. exd5
Nd7 48. Ne4+ Ke7 49. Nbc3 Bxc3 50. Nxc3 Nc5 51. Ne4 Nxb3 52. Kd3 Nd4 53. Nc3
Ba6 54. Na4 Nf3 55. Bxf3 gxf3 56. Nb2 a4 57. Nxa4 57... Bxc4+ {UBet resigns}
0-1

[Event "ICS rated blitz match"]
[Site "207.99.83.227"]
[Date "1999.04.26"]
[Round "?"]
[White "UBet"]
[Black "Hossa"]
[Result "0-1"]
[WhiteElo "2253"]
[BlackElo "2447"]
[PlyCount "34"]

1. e4 e5 2. Nf3 Nc6 3. Bb5 a6 4. Ba4 Nf6 5. O-O b5 6. Bb3 Bc5 7. Re1 O-O 8. c3
d6 9. h3 Be6 10. Bc2 d5 11. d3 dxe4 12. dxe4 Qe7 13. Bg5 Rad8 14. Nbd2 Rd7 15.
Qe2 h6 16. Bh4 Rfd8 17. Nf1 17... Bc4 {UBet resigns} 0-1

[Event "ICS rated blitz match"]
[Site "207.99.83.227"]
[Date "1999.04.26"]
[Round "?"]
[White "Hossa"]
[Black "UBet"]
[Result "1-0"]
[WhiteElo "2455"]
[BlackElo "2245"]
[PlyCount "38"]

1. e4 e5 2. Nf3 Nc6 3. d4 exd4 4. Nxd4 d6 5. Nxc6 bxc6 6. Nc3 Nf6 7. Bd3 Be7 8.
Be3 O-O 9. O-O d5 10. Bd4 Be6 11. Qd2 Nd7 12. Ne2 f6 13. Qe3 Bf7 14. Qh3 Ne5
15. Bxe5 fxe5 16. exd5 g6 17. dxc6 Bd5 18. Rad1 Rf6 19. Be4 19... Rd6 {
UBet resigns} 1-0

[Event "ICS rated blitz match"]
[Site "207.99.83.227"]
[Date "1999.04.26"]
[Round "?"]
[White "UBet"]
[Black "Hossa"]
[Result "1/2-1/2"]
[WhiteElo "2238"]
[BlackElo "2462"]
[PlyCount "102"]

1. e4 e6 2. d4 d5 3. e5 c5 4. c3 Nc6 5. Nf3 cxd4 6. cxd4 Bb4+ 7. Nc3 Nge7 8.
Bd3 Bd7 9. O-O Rc8 10. Bd2 a5 11. a3 Bxc3 12. Bxc3 Ng6 13. Rc1 O-O 14. g3 f6
15. Bxg6 hxg6 16. Qd3 g5 17. h4 gxh4 18. Nxh4 fxe5 19. dxe5 Qg5 20. f4 Qh5 21.
Qf3 Qh6 22. Rcd1 Be8 23. Qd3 Rd8 24. Bd4 Nxd4 25. Qxd4 Bh5 26. Rc1 Be2 27. Rf2
Ba6 28. Kg2 Rf7 29. Nf3 Re8 30. Ng5 Rf5 31. Rc7 Qg6 32. Rfc2 Qh5 33. Rf2 Rff8
34. Rc1 Qg4 35. Rh1 Qf5 36. Rh5 Bd3 37. Rh4 Rc8 38. Rd2 Rc2 39. Rxc2 Bxc2 40.
Qc5 Ba4 41. Qe7 Re8 42. Qxb7 Qc2+ 43. Kh3 Qf5+ 44. Kg2 Qc2+ 45. Kg1 Qd1+ 46.
Kh2 Qe2+ 47. Kh3 Qf1+ 48. Kh2 Qf2+ 49. Kh3 Qf1+ 50. Kh2 Qf2+ 51. Kh3 51... Qf1+
{Game drawn by repetition} 1/2-1/2

[Event "ICS Rated blitz match"]
[Site "207.99.83.227"]
[Date "1999.04.26"]
[Round "?"]
[White "Hossa"]
[Black "UBet"]
[Result "1-0"]
[WhiteElo "2453"]
[BlackElo "2247"]
[PlyCount "81"]

1. e4 e5 2. Nf3 Nc6 3. d4 exd4 4. Nxd4 Nxd4 5. Qxd4 d6 6. Nc3 Nf6 7. Be3 Be7 8.
O-O-O O-O 9. f3 a6 10. e5 dxe5 11. Qxe5 Bd6 12. Qg5 h6 13. Qh4 Be6 14. Bxh6
gxh6 15. Qxh6 Re8 16. Bd3 Bf8 17. Qh4 Bg7 18. Bh7+ Nxh7 19. Rxd8 Raxd8 20. Ne4
Bf5 21. Re1 Bg6 22. Qg3 Bh6+ 23. Kb1 Kh8 24. Rh1 Bxe4 25. fxe4 Rxe4 26. Qxc7
Rde8 27. a3 R4e7 28. Qa5 Nf6 29. Ka2 Bg7 30. Qf5 Re5 31. Qf3 Rb5 32. c4 Rb6 33.
c5 Rb5 34. b4 Re7 35. Rd1 Ne4 36. Qh5+ Kg8 37. Rd8+ Bf8 38. Qh6 Nc3+ 39. Kb3
Rxb4+ 40. axb4 Re8 41. Rxe8 {UBet resigns} 1-0

[Event "ICS rated blitz match"]
[Site "207.99.83.227"]
[Date "1999.04.26"]
[Round "?"]
[White "UBet"]
[Black "Hossa"]
[Result "0-1"]
[WhiteElo "2240"]
[BlackElo "2460"]
[PlyCount "46"]

1. e4 e6 2. d4 d5 3. e5 c5 4. c3 Nc6 5. Nf3 cxd4 6. cxd4 Bb4+ 7. Nc3 Nge7 8.
Bd3 Bd7 9. Bd2 Rc8 10. O-O O-O 11. a3 Bxc3 12. Bxc3 f6 13. exf6 Rxf6 14. Re1
Nf5 15. Qe2 Qb6 16. Rad1 Kh8 17. Bb1 Rc7 18. g4 Nd6 19. Ng5 Nb5 20. Nxh7 Ncxd4
21. Bxd4 Nxd4 22. Qd3 Nf3+ 23. Kh1 23... Qd6 {UBet resigns} 0-1

[Event "ICS rated blitz match"]
[Site "207.99.83.227"]
[Date "1999.04.26"]
[Round "?"]
[White "Hossa"]
[Black "UBet"]
[Result "1-0"]
[WhiteElo "2467"]
[BlackElo "2233"]
[PlyCount "41"]

1. e4 e5 2. Nc3 Nc6 3. Nf3 d6 4. Bb5 Bd7 5. d4 exd4 6. Nxd4 Nxd4 7. Qxd4 Bxb5
8. Nxb5 Nf6 9. e5 Nh5 10. Qe4 d5 11. Qxd5 Qxd5 12. Nxc7+ Kd7 13. Nxd5 Re8 14.
f4 f6 15. g4 fxe5 16. gxh5 exf4+ 17. Kf2 Bc5+ 18. Kf3 Rhf8 19. Nxf4 g5 20. hxg6
hxg6 21. Kg4 {UBet resigns} 1-0

[Event "ICS rated blitz match"]
[Site "207.99.83.227"]
[Date "1999.04.26"]
[Round "?"]
[White "Hossa"]
[Black "UBet"]
[Result "1/2-1/2"]
[WhiteElo "2480"]
[BlackElo "2220"]
[PlyCount "66"]

1. e4 e5 2. Nf3 Nc6 3. d4 exd4 4. Nxd4 d6 5. Nxc6 bxc6 6. Nc3 Nf6 7. Be2 Be7 8.
O-O O-O 9. Bf4 Be6 10. e5 Nd5 11. Nxd5 cxd5 12. Qd3 dxe5 13. Bxe5 c6 14. Qc3
Bf6 15. Bxf6 Qxf6 16. Qxf6 gxf6 17. Rae1 Rab8 18. b3 c5 19. f4 f5 20. a3 a5 21.
Rf3 Kg7 22. Rc3 Rfc8 23. Ba6 Rc6 24. Rg3+ Kf6 25. Be2 c4 26. bxc4 dxc4 27. Bf3
Rc5 28. Kf2 Rb2 29. Re2 Ra2 30. Rh3 Kg7 31. Rg3+ Kf6 32. Rh3 Kg7 33. Rg3+ 33...
Kf6 {Game drawn by repetition} 1/2-1/2

[Event "ICS rated blitz match"]
[Site "207.99.83.227"]
[Date "1999.04.26"]
[Round "?"]
[White "UBet"]
[Black "Hossa"]
[Result "0-1"]
[WhiteElo "2230"]
[BlackElo "2470"]
[PlyCount "90"]

1. e4 c5 2. Nf3 e6 3. d4 Nc6 4. d5 Na5 5. c4 exd5 6. exd5 Bd6 7. Be2 Nf6 8. O-O
O-O 9. Bd2 Re8 10. a3 Qb6 11. Bc3 Ne4 12. Ra2 Qb3 13. Qxb3 Nxb3 14. Bd3 Nxc3
15. Nxc3 Bf4 16. Ne2 Bh6 17. Nc3 Nc1 18. Rxc1 Bxc1 19. Nb5 Bf4 20. g3 a6 21.
Nc3 Bb8 22. b4 b6 23. Re2 Rxe2 24. Bxe2 cxb4 25. axb4 a5 26. b5 a4 27. Na2 Bb7
28. Nd4 Bd6 29. Bd3 Bc5 30. Nc2 g6 31. Kf1 f5 32. f4 h5 33. Ncb4 a3 34. Nc2 Rc8
35. Ke2 Re8+ 36. Kf3 Kg7 37. Nc1 Rc8 38. Na2 Ra8 39. Ne1 d6 40. Nc2 Kh6 41. h4
Ra5 42. Ne1 Rxb5 43. cxb5 Bxd5+ 44. Ke2 Bxa2 45. Nc2 45... Bb1 {UBet resigns}
0-1

[Event "ICS rated blitz match"]
[Site "207.99.83.227"]
[Date "1999.04.26"]
[Round "?"]
[White "UBet"]
[Black "Hossa"]
[Result "0-1"]
[WhiteElo "2218"]
[BlackElo "2482"]
[PlyCount "78"]

1. e4 c5 2. Nf3 Nc6 3. d4 cxd4 4. Nxd4 Nf6 5. Nc3 e5 6. Ndb5 Bb4 7. Nd6+ Ke7 8.
Nf5+ Kf8 9. Nd6 Nd4 10. Nc4 Nxe4 11. Bd2 Nxd2 12. Qxd2 Qc7 13. a3 Bxc3 14. Qxc3
d5 15. Qb4+ Kg8 16. Ne3 Nxc2+ 17. Nxc2 Qxc2 18. Rd1 d4 19. Bd3 Qc7 20. O-O a5
21. Qb5 Bd7 22. Qb3 Rc8 23. Qa2 Be6 24. Qb1 Bb3 25. Rc1 Qb8 26. Rxc8+ Qxc8 27.
Rc1 Qe8 28. Bf5 Be6 29. Bxe6 Qxe6 30. Qe4 g6 31. Qxb7 Kg7 32. Qb5 Ra8 33. g3
Qe8 34. Qd5 Rb8 35. Re1 Rb5 36. Qd6 Qf8 37. Qc7 Qc5 38. Qd7 Rxb2 39. Kh1 39...
Qc3 {UBet resigns} 0-1